000
00269nam a2200109Ia 4500
008
220204s9999 xx 000 0 und d
082
_a
681.31
_b
GRO
100
_a
Grover, P S
245
0
_a
Computer programming in BASIC
260
_a
New Delhi
_b
Allied
_c
1980
942
_c
BK
999
_c
39280
_d
39280